[Event "Nanjing Women's FIDE Grand Prix"]
[Site "Nanjing CHN"]
[Date "2009.10.06"]
[EventDate "2009.09.28"]
[Round "8"]
[Result "1-0"]
[White "Yuhua Xu"]
[Black "Betul Cemre Yildiz"]
[WhiteElo "2485"]
[BlackElo "2224"]
[PlyCount "81"]

1. e4 e5 2. Nf3 Nc6 3. Bb5 a6 4. Ba4 Nf6 5. O-O b5 6. Bb3 Bb7
7. d3 Be7 8. Nc3 O-O 9. Bd2 d6 10. Ne2 h6 11. c3 Na5 12. Bc2
c5 13. Ng3 Re8 14. d4 Nc4 15. Bc1 Bf8 16. d5 Bc8 17. h3 Bd7
18. a4 Nb6 19. a5 Nc8 20. b4 c4 21. Nh2 Ne7 22. f4 exf4
23. Bxf4 Ng6 24. Be3 Nh7 25. Nf3 Be7 26. Nh5 Nf6 27. Nf4 Nxf4
28. Bxf4 Qc7 29. Kh1 Nh7 30. e5 Nf8 31. Qd4 Rad8 32. Rae1 Bc8
33. Re3 Qd7 34. Rfe1 dxe5 35. Bxe5 Qxd5 36. Qxd5 Rxd5 37. Be4
Rdd8 38. Bc6 Bd7 39. Bc7 Rc8 40. Bxd7 Nxd7 41. Bd6 1-0

[Event "Nanjing Women's FIDE Grand Prix"]
[Site "Nanjing CHN"]
[Date "2009.10.08"]
[EventDate "2009.09.28"]
[Round "10"]
[Result "1-0"]
[White "Lilit Mkrtchian"]
[Black "Betul Cemre Yildiz"]
[WhiteElo "2468"]
[BlackElo "2224"]
[PlyCount "59"]

1. Nf3 d5 2. c4 dxc4 3. Qa4+ c6 4. Qxc4 Nf6 5. Nc3 b5 6. Qb3
e6 7. d4 a6 8. Bg5 Be7 9. e4 h6 10. Bxf6 Bxf6 11. Rd1 O-O
12. e5 Be7 13. Bd3 Nd7 14. Bb1 Bb7 15. Qc2 g6 16. h4 Kg7
17. h5 Qe8 18. Nh4 c5 19. hxg6 f5 20. Ne2 cxd4 21. Nf4 Bxh4
22. Rxh4 Qe7 23. Qc7 Bd5 24. Nh5+ Kxg6 25. Nf6 Qb4+ 26. Rd2
Nxe5 27. Qh7+ Kxf6 28. Rxh6+ Ng6 29. Rxg6+ Ke5 30. Qc7+ 1-0

[Event "Nanjing Women's FIDE Grand Prix"]
[Site "Nanjing CHN"]
[Date "2009.10.09"]
[EventDate "2009.09.28"]
[Round "11"]
[Result "1-0"]
[White "Betul Cemre Yildiz"]
[Black "Martha Lorena Fierro Baquero"]
[WhiteElo "2224"]
[BlackElo "2386"]
[PlyCount "101"]

1. e4 d6 2. d4 Nf6 3. f3 c5 4. Ne2 g6 5. c4 Bg7 6. Be3 cxd4
7. Nxd4 O-O 8. Nc3 Nc6 9. Nc2 Be6 10. Qd2 a5 11. b3 Nd7
12. Be2 Nc5 13. O-O Nb4 14. Rab1 Nxc2 15. Qxc2 f5 16. Rbd1 Rc8
17. exf5 Bxf5 18. Qd2 Rf7 19. Nd5 Bd7 20. Rfe1 b6 21. Bf1 Bc6
22. Bg5 Bxd5 23. Qxd5 Bf6 24. Bxf6 exf6 25. a3 Kg7 26. b4 Nb7
27. h4 Rcc7 28. h5 Rfe7 29. Bd3 Qe8 30. Re4 Rxe4 31. Bxe4 Qe5
32. hxg6 hxg6 33. Qd3 axb4 34. axb4 f5 35. Bxb7 Rxb7 36. Qxd6
Qe3+ 37. Kf1 Ra7 38. Re1 Qc3 39. Qe5+ Qxe5 40. Rxe5 Rc7 41. c5
bxc5 42. Rxc5 Ra7 43. Rc1 Kf6 44. b5 Ke5 45. b6 Rb7 46. Rb1 g5
47. Rb5+ Ke6 48. Kf2 Kf6 49. Ke3 Kg6 50. Kd4 Kh5 51. Kc5 1-0

[Event "48th World Junior Championship (Girls)"]
[Site "Puerto Madryn ARG"]
[Date "2009.10.22"]
[EventDate "2009.10.22"]
[Round "1"]
[Result "0-1"]
[White "M Agustina Martinez de Negri"]
[Black "Betul Cemre Yildiz"]
[WhiteElo "1945"]
[BlackElo "2224"]
[PlyCount "106"]

1. e4 e5 2. Nf3 Nc6 3. d4 exd4 4. Nxd4 Qf6 5. Be3 Bc5 6. c3
Qg6 7. Qf3 Nxd4 8. cxd4 Bb4+ 9. Bd2 Bxd2+ 10. Nxd2 Ne7 11. Rc1
c6 12. Bd3 Qh6 13. Rc2 O-O 14. O-O d5 15. e5 f5 16. b4 a6
17. Be2 f4 18. Qh5 Qe6 19. Bd3 Nf5 20. Nb3 Qe7 21. a3 g6
22. Qd1 f3 23. g3 Qg5 24. Re1 Nh6 25. Qd2 Qh5 26. h4 Bf5
27. Rc3 Bxd3 28. Qxd3 g5 29. Re3 gxh4 30. Rxf3 h3 31. Nc5 Ng4
32. Qe2 Qg6 33. Nd3 a5 34. Rb3 Rxf3 35. Qxf3 axb4 36. Nf4 Rxa3
37. Nxh3 Rxb3 38. Qxb3 Qh6 39. Kg2 Qf8 40. f4 Nh6 41. Ng5 Nf5
42. g4 Nxd4 43. Qd3 Qxf4 44. Qxh7+ Kf8 45. Qh6+ Ke8 46. Qg6+
Kd8 47. Qg8+ Kc7 48. Nf7 Ne6 49. g5 b3 50. Qe8 Qg4+ 51. Kf2 b2
52. Qe7+ Kb6 53. Nd6 Qf4+ 0-1

[Event "48th World Junior Championship (Girls)"]
[Site "Puerto Madryn ARG"]
[Date "2009.10.23"]
[EventDate "2009.10.22"]
[Round "2"]
[Result "1-0"]
[White "Betul Cemre Yildiz"]
[Black "Melissa Greeff"]
[WhiteElo "2224"]
[BlackElo "2081"]
[PlyCount "99"]

1. e4 c5 2. Nf3 d6 3. d4 cxd4 4. Nxd4 Nf6 5. f3 e5 6. Nb3 Be7
7. c4 O-O 8. Be3 a5 9. Be2 a4 10. N3d2 Qa5 11. O-O Be6 12. Na3
Nc6 13. Nb5 Bd8 14. Nb1 Bb6 15. Bxb6 Qxb6+ 16. Kh1 Rfd8
17. N1c3 Qa5 18. Qd2 Na7 19. Rfd1 Ne8 20. Qe3 Nxb5 21. Nxb5
Qb4 22. b3 Rac8 23. Rd3 Qc5 24. Qd2 Kf8 25. Rd1 Ke7 26. Qg5+
Kf8 27. Qh4 h6 28. Bf1 f6 29. Qe1 Ke7 30. Qd2 Qb6 31. g3 Rc6
32. Nc3 axb3 33. axb3 Nc7 34. Nd5+ Bxd5 35. exd5 Rc5 36. f4
Na6 37. Qe2 Rc7 38. fxe5 fxe5 39. Qg4 Kf8 40. Rf3+ Kg8
41. Qe6+ Kh8 42. Qg6 e4 43. Qxe4 Nc5 44. Qg6 Re7 45. Bh3 Ne4
46. Rdf1 Nf6 47. Rxf6 gxf6 48. Qxf6+ Rg7 49. Qxh6+ Rh7
50. Rf8+ 1-0

[Event "48th World Junior Championship (Girls)"]
[Site "Puerto Madryn ARG"]
[Date "2009.10.23"]
[EventDate "2009.10.22"]
[Round "3"]
[Result "0-1"]
[White "Soumya Swaminathan"]
[Black "Betul Cemre Yildiz"]
[WhiteElo "2297"]
[BlackElo "2224"]
[PlyCount "74"]

1. e4 e5 2. Nf3 Nc6 3. Bb5 a6 4. Ba4 Nf6 5. O-O b5 6. Bb3 Bb7
7. d3 Be7 8. a4 O-O 9. Re1 d6 10. c3 Na5 11. Bc2 c5 12. Nbd2
Nc6 13. Nf1 h6 14. Ng3 Re8 15. h3 Bf8 16. Nf5 d5 17. Qe2 dxe4
18. dxe4 c4 19. g4 Nh7 20. Kg2 Qf6 21. Be3 Nd8 22. Ng3 g6
23. axb5 axb5 24. Rxa8 Bxa8 25. b3 Ne6 26. bxc4 Nf4+ 27. Bxf4
exf4 28. cxb5 fxg3 29. c4 gxf2 30. Qxf2 Ng5 31. Nxg5 Qxf2+
32. Kxf2 hxg5 33. e5 Bc5+ 34. Kf1 Bd4 35. e6 Rxe6 36. Rxe6
fxe6 37. Bxg6 Bg7 0-1

[Event "48th World Junior Championship (Girls)"]
[Site "Puerto Madryn ARG"]
[Date "2009.10.24"]
[EventDate "2009.10.22"]
[Round "4"]
[Result "1/2-1/2"]
[White "Betul Cemre Yildiz"]
[Black "Olga Kalinina"]
[WhiteElo "2224"]
[BlackElo "2229"]
[PlyCount "119"]

1. e4 c5 2. Nf3 e6 3. d4 cxd4 4. Nxd4 a6 5. c4 Nf6 6. Nc3 Qc7
7. a3 b6 8. Be3 Bb7 9. f3 Nc6 10. Rc1 Nxd4 11. Qxd4 Bc5
12. Qd2 O-O 13. b4 Bd6 14. g3 Bc6 15. Bg2 Be5 16. O-O Qb8
17. Ne2 Rd8 18. Nd4 Bb7 19. Rfd1 a5 20. Nb5 Bc6 21. f4 Bc7
22. Nxc7 Qxc7 23. Qd4 Rab8 24. b5 Ba8 25. c5 bxc5 26. Rxc5 Qb7
27. Bd2 Qb6 28. Bc3 d6 29. Rg5 Qxd4+ 30. Bxd4 Kf8 31. b6 d5
32. exd5 h6 33. Re5 Bxd5 34. Bxd5 Nxd5 35. Bc5+ Ke8 36. Rb1
Kd7 37. f5 Rdc8 38. fxe6+ fxe6 39. Rb5 a4 40. Bf2 Rc3 41. Ra5
Rxa3 42. Re4 Nxb6 43. Bxb6 Ra1+ 44. Kg2 Rxb6 45. Raxa4 Rb2+
46. Kf3 Rxa4 47. Rxa4 Ke7 48. h4 Rb3+ 49. Kf4 Kf6 50. Ra6 Rc3
51. Rb6 Ra3 52. Rc6 g5+ 53. hxg5+ hxg5+ 54. Kg4 Ra4+ 55. Kh5
Kf5 56. Rc8 Ra5 57. Rg8 Ke4 58. Rxg5 Rxg5+ 59. Kxg5 Kf3
60. Kf6 1/2-1/2

[Event "48th World Junior Championship (Girls)"]
[Site "Puerto Madryn ARG"]
[Date "2009.10.25"]
[EventDate "2009.10.22"]
[Round "5"]
[Result "1-0"]
[White "Zhang Xiaowen"]
[Black "Betul Cemre Yildiz"]
[WhiteElo "2391"]
[BlackElo "2224"]
[PlyCount "61"]

1. e4 e5 2. Nf3 Nc6 3. Bb5 a6 4. Ba4 Nf6 5. O-O b5 6. Bb3 Bb7
7. d3 Be7 8. a4 O-O 9. Re1 d6 10. Nbd2 Na5 11. Ba2 c5 12. Nf1
h6 13. Ne3 Re8 14. Bd2 Nc6 15. c3 Qd7 16. Nh4 c4 17. Nhf5 Nd8
18. Ng4 Ne6 19. Qf3 Nxg4 20. Qxg4 Bg5 21. Bxg5 hxg5 22. dxc4
g6 23. Ne3 bxa4 24. c5 Nxc5 25. Qxg5 Ne6 26. Qh6 Qe7 27. Ng4
Red8 28. Re3 Nf4 29. g3 Qg5 30. gxf4 Qxg4+ 31. Rg3 1-0

[Event "48th World Junior Championship (Girls)"]
[Site "Puerto Madryn ARG"]
[Date "2009.10.27"]
[EventDate "2009.10.22"]
[Round "7"]
[Result "1/2-1/2"]
[White "Miranda Mikadze"]
[Black "Betul Cemre Yildiz"]
[WhiteElo "2317"]
[BlackElo "2224"]
[PlyCount "48"]

1. d4 d5 2. Nc3 Nf6 3. Bg5 Nbd7 4. e3 g6 5. Bd3 Bg7 6. f4 O-O
7. Nf3 c5 8. O-O b6 9. Qe1 h6 10. Bh4 Bb7 11. Ne5 Ne4 12. Nxe4
dxe4 13. Bc4 Nxe5 14. dxe5 Qc7 15. Rd1 Rad8 16. Qg3 Kh7
17. Qg4 Bc8 18. Qe2 f5 19. Bd5 g5 20. fxg5 Bxe5 21. Qh5 Rd6
22. Bxe4 Rg6 23. g4 Bxh2+ 24. Kg2 e6 1/2-1/2

[Event "48th World Junior Championship (Girls)"]
[Site "Puerto Madryn ARG"]
[Date "2009.10.29"]
[EventDate "2009.10.22"]
[Round "8"]
[Result "0-1"]
[White "Betul Cemre Yildiz"]
[Black "Katrine Tjolsen"]
[WhiteElo "2224"]
[BlackElo "2178"]
[PlyCount "80"]

1. e4 c5 2. Nf3 Nc6 3. Bb5 Nf6 4. Nc3 Qc7 5. Bxc6 Qxc6 6. d3
d6 7. h3 g6 8. a4 Bg7 9. O-O O-O 10. Re1 e5 11. Bg5 Be6
12. Qd2 Qd7 13. Bh6 Nh5 14. Nh2 f6 15. Ne2 f5 16. exf5 gxf5
17. Qg5 Nf6 18. f4 e4 19. Ng3 d5 20. Nf3 Ne8 21. Nh5 Rf7
22. Ne5 Qd8 23. Nxf7 Bxf7 24. Qxd8 Bd4+ 25. Kf1 Rxd8 26. Ng3
Nd6 27. c3 Bh8 28. dxe4 fxe4 29. Rad1 Re8 30. Bg5 d4 31. f5
Bb3 32. Rc1 e3 33. cxd4 cxd4 34. f6 Nc4 35. Nf5 d3 36. Bxe3
Bxf6 37. Kf2 Bxb2 38. Rcd1 Bc2 39. Bd4 Rf8 40. g4 Bxd4+ 0-1

[Event "48th World Junior Championship (Girls)"]
[Site "Puerto Madryn ARG"]
[Date "2009.10.30"]
[EventDate "2009.10.22"]
[Round "9"]
[Result "0-1"]
[White "Fiona Steil-Antoni"]
[Black "Betul Cemre Yildiz"]
[WhiteElo "2152"]
[BlackElo "2224"]
[PlyCount "66"]

1. e4 e5 2. Nf3 Nc6 3. Nc3 Nf6 4. g3 Bc5 5. Bg2 d6 6. d3 a6
7. O-O h6 8. Be3 Bg4 9. h3 Bxe3 10. fxe3 Bd7 11. Nh4 Ne7
12. Qf3 c6 13. Ne2 Qb6 14. b3 d5 15. Kh2 dxe4 16. dxe4 h5
17. c4 Rh6 18. Kg1 g5 19. Nf5 Bxf5 20. exf5 g4 21. Qf2 gxh3
22. Bxh3 Ne4 23. Qf3 Ng5 24. Qg2 Qxe3+ 25. Kh2 h4 26. g4 Rd8
27. Rae1 Rd2 28. Rf2 e4 29. Ref1 Nxh3 30. Qxh3 Rxe2 31. Rxe2
Qxe2+ 32. Kg1 Rd6 33. Qxh4 Rd1 0-1

[Event "48th World Junior Championship (Girls)"]
[Site "Puerto Madryn ARG"]
[Date "2009.10.31"]
[EventDate "2009.10.22"]
[Round "10"]
[Result "0-1"]
[White "Anna Hairapetian"]
[Black "Betul Cemre Yildiz"]
[WhiteElo "2181"]
[BlackElo "2224"]
[PlyCount "65"]

1. e4 e5 2. Nf3 Nc6 3. Bb5 a6 4. Bxc6 dxc6 5. O-O Qf6 6. d4
exd4 7. Nxd4 Bd7 8. Be3 O-O-O 9. Qe2 Nh6 10. f3 c5 11. Nb3
Qxb2 12. N1d2 Qc3 13. a4 Be6 14. Nb1 Qe5 15. Na3 f5 16. Na5
fxe4 17. f4 Qf6 18. Rab1 Bd5 19. Rfd1 Be7 20. N3c4 Nf5 21. Ne5
Nd4 22. Rxd4 cxd4 23. Bxd4 Ba2 24. Qxe4 Bd5 25. Qe3 Qf5
26. Re1 Bb4 27. Bc3 Bxc3 28. Qxc3 Rhe8 29. Nac4 Bxc4 30. Qxc4
g5 31. g3 gxf4 32. gxf4 Rg8+ 33. Kh1 0-1

[Event "48th World Junior Championship (Girls)"]
[Site "Puerto Madryn ARG"]
[Date "2009.11.03"]
[EventDate "2009.10.22"]
[Round "13"]
[Result "1/2-1/2"]
[White "Manisha Mohanty Kiran"]
[Black "Betul Cemre Yildiz"]
[WhiteElo "2153"]
[BlackElo "2224"]
[PlyCount "48"]

1. e4 e5 2. Nf3 Nc6 3. Bb5 a6 4. Ba4 Nf6 5. O-O b5 6. Bb3 Bb7
7. d3 Be7 8. Re1 O-O 9. a4 d6 10. Nbd2 Nd7 11. c3 Nc5 12. Bc2
Nxa4 13. Bxa4 bxa4 14. Rxa4 Kh8 15. d4 exd4 16. cxd4 Qd7
17. d5 Na7 18. Nc4 Rae8 19. Na5 Ba8 20. Nd4 Bf6 21. Rc4 Bxd4
22. Qxd4 Nb5 23. Qd3 f5 24. f3 Rf7 1/2-1/2

[Event "European Individual Championships (Women)"]
[Site "Rijeka CRO"]
[Date "2010.03.06"]
[EventDate "2010.03.06"]
[Round "1"]
[Result "1-0"]
[White "Ketevan Arakhamia-Grant"]
[Black "Betul Cemre Yildiz"]
[WhiteElo "2447"]
[BlackElo "2244"]
[PlyCount "81"]

1. e4 e5 2. Nf3 Nc6 3. Bb5 a6 4. Ba4 Nf6 5. O-O b5 6. Bb3 Bb7
7. d3 Be7 8. Re1 O-O 9. Nbd2 h6 10. Nf1 Re8 11. Ne3 Bf8
12. Bd2 d6 13. a4 Ne7 14. c4 bxc4 15. Nxc4 Rb8 16. Ncxe5 dxe5
17. Nxe5 Kh7 18. Bxf7 Qd6 19. Bc3 Red8 20. Bc4 Nc6 21. Nf7 Qe7
22. d4 g6 23. Nxd8 Rxd8 24. Qb3 Ba8 25. Rad1 Bg7 26. Qc2 Nh5
27. d5 Ne5 28. Bxa6 Qd6 29. Bf1 Rf8 30. h3 Bb7 31. Bd4 Rf7
32. Re3 Bc8 33. Rc3 Nf4 34. Bc5 Qf6 35. d6 Qg5 36. Rg3 Qh5
37. Be3 Ne6 38. Rd5 Bb7 39. Rb5 cxd6 40. f4 Nc6 41. Rxh5 1-0

[Event "European Individual Championships (Women)"]
[Site "Rijeka CRO"]
[Date "2010.03.07"]
[EventDate "2010.03.06"]
[Round "2"]
[Result "1-0"]
[White "Betul Cemre Yildiz"]
[Black "Lucija Batory"]
[WhiteElo "2244"]
[BlackElo "1575"]
[PlyCount "47"]

1. e4 e5 2. Nf3 Nc6 3. d4 exd4 4. Nxd4 Bc5 5. Be3 Qf6 6. c3
Nge7 7. Bc4 Ne5 8. Be2 d6 9. O-O Qg6 10. f3 Bh3 11. Rf2 O-O
12. Kh1 Be6 13. Nd2 Qh5 14. Nf1 c6 15. Nxe6 Bxe3 16. Nxe3 fxe6
17. Qxd6 Qg5 18. Nc4 Nf7 19. Qxe6 Ng6 20. Nd6 Qe3 21. Nxf7 Nf4
22. Nh6+ Kh8 23. Qg8+ Rxg8 24. Nf7+ 1-0

[Event "European Individual Championships (Women)"]
[Site "Rijeka CRO"]
[Date "2010.03.08"]
[EventDate "2010.03.06"]
[Round "3"]
[Result "1/2-1/2"]
[White "Nelly Aginian"]
[Black "Betul Cemre Yildiz"]
[WhiteElo "2296"]
[BlackElo "2244"]
[PlyCount "72"]

1. e4 e5 2. Nf3 Nc6 3. Bb5 a6 4. Bxc6 dxc6 5. O-O Qf6 6. d4
exd4 7. Bg5 Qd6 8. Nxd4 Bd7 9. Nc3 Qg6 10. Bh4 f6 11. Qd3
O-O-O 12. Qc4 Nh6 13. Bg3 Ng4 14. Qb3 Qe8 15. h3 Ne5 16. f4
Nf7 17. Nf3 Be6 18. Qa4 Bc5+ 19. Kh1 Nd6 20. Bf2 Bxf2 21. Rxf2
Qh5 22. f5 Bd7 23. Qb4 Rhe8 24. Re1 b6 25. a4 a5 26. Qd4 Kb7
27. b4 axb4 28. Qxb4 c5 29. Qb3 Bc6 30. Rfe2 Nxf5 31. exf5
Bxf3 32. gxf3 Qxh3+ 33. Kg1 Qg3+ 34. Kh1 Qh3+ 35. Kg1 Qg3+
36. Kh1 Qh3+ 1/2-1/2

[Event "European Individual Championships (Women)"]
[Site "Rijeka CRO"]
[Date "2010.03.10"]
[EventDate "2010.03.06"]
[Round "5"]
[Result "1-0"]
[White "Elena Sedina"]
[Black "Betul Cemre Yildiz"]
[WhiteElo "2334"]
[BlackElo "2244"]
[PlyCount "55"]

1. e4 e5 2. Nc3 Nf6 3. g3 c6 4. d4 Bb4 5. Bg2 Qa5 6. Nge2 d5
7. exd5 Nxd5 8. O-O Nxc3 9. bxc3 Bd6 10. f4 exf4 11. Bxf4 Bxf4
12. Nxf4 O-O 13. c4 Nd7 14. Qe1 Qa3 15. Nd3 Qd6 16. c3 Nf6
17. c5 Qd8 18. Rb1 Re8 19. Qf2 Qa5 20. Rb4 Be6 21. Ne5 Re7
22. Rfb1 Nd5 23. Rxb7 Rxb7 24. Rxb7 Qxc3 25. Rb1 Rc8 26. Nxc6
Qd3 27. Rb3 Qd1+ 28. Qf1 1-0

[Event "European Individual Championships (Women)"]
[Site "Rijeka CRO"]
[Date "2010.03.11"]
[EventDate "2010.03.06"]
[Round "6"]
[Result "0-1"]
[White "Betul Cemre Yildiz"]
[Black "Sabrina Vega Gutierrez"]
[WhiteElo "2244"]
[BlackElo "2314"]
[PlyCount "74"]

1. e4 c5 2. Nf3 e6 3. c4 Nc6 4. Nc3 Nf6 5. Be2 a6 6. O-O Qc7
7. a3 Nd4 8. d3 Ng4 9. g3 Nxe2+ 10. Qxe2 d6 11. Nh4 Nf6 12. f4
Be7 13. Ng2 O-O 14. g4 b5 15. g5 Nd7 16. f5 b4 17. Nd1 exf5
18. exf5 Bb7 19. Nf2 Ne5 20. Ne4 Rfe8 21. f6 Bf8 22. fxg7 Bxg7
23. Rf4 Ng6 24. Rg4 d5 25. cxd5 Bxd5 26. Ne3 Bxe4 27. Rxe4
Rxe4 28. dxe4 Re8 29. axb4 cxb4 30. Qxa6 Qf4 31. Qc6 Rxe4
32. Ra8+ Bf8 33. Qc5 Re5 34. Ng2 Qe4 35. Qa7 Nh4 36. Nxh4 Qxh4
37. Qf2 Qg4+ 0-1

[Event "European Individual Championships (Women)"]
[Site "Rijeka CRO"]
[Date "2010.03.12"]
[EventDate "2010.03.06"]
[Round "7"]
[Result "1/2-1/2"]
[White "Ketino Kachiani-Gersinska"]
[Black "Betul Cemre Yildiz"]
[WhiteElo "2346"]
[BlackElo "2244"]
[PlyCount "54"]

1. c4 e5 2. Nc3 Nf6 3. Nf3 Nc6 4. g3 d5 5. cxd5 Nxd5 6. Bg2
Nb6 7. O-O Be7 8. a3 a5 9. d3 O-O 10. Be3 Be6 11. Na4 Nxa4
12. Qxa4 Bd5 13. Rac1 Re8 14. Qb5 Bf8 15. Ng5 Ne7 16. Bxd5
Nxd5 17. Bd2 b6 18. e4 Nf6 19. Qc4 Re7 20. Bc3 h6 21. Nf3 Qe8
22. Nh4 Rd7 23. b4 axb4 24. axb4 Rad8 25. Nf3 Bd6 26. b5 Re7
27. Kg2 Nd7 1/2-1/2

[Event "European Individual Championships (Women)"]
[Site "Rijeka CRO"]
[Date "2010.03.14"]
[EventDate "2010.03.06"]
[Round "8"]
[Result "1-0"]
[White "Betul Cemre Yildiz"]
[Black "Camille De Seroux"]
[WhiteElo "2244"]
[BlackElo "2019"]
[PlyCount "71"]

1. e4 e5 2. Nf3 d6 3. d4 Nd7 4. g3 Ngf6 5. Nc3 Be7 6. Bg2 c6
7. a4 O-O 8. O-O b6 9. b3 a6 10. Bb2 Qc7 11. Qd2 Bb7 12. Nh4
Rfe8 13. f4 exd4 14. Nd1 c5 15. Nf2 d5 16. e5 Ne4 17. Qe2 Bxh4
18. gxh4 f6 19. Nxe4 dxe4 20. Qc4+ Kh8 21. e6 b5 22. axb5 axb5
23. Rxa8 Rxa8 24. Qxb5 Nb6 25. Ra1 Rb8 26. Ba3 e3 27. e7 Qxe7
28. Bxc5 Qe6 29. Qxb6 Qc8 30. Bxb7 Rxb7 31. Qc6 Rc7 32. Qf3
Rc6 33. b4 Qe8 34. Qe4 Qc8 35. f5 h6 36. Bxd4 1-0

[Event "European Individual Championships (Women)"]
[Site "Rijeka CRO"]
[Date "2010.03.15"]
[EventDate "2010.03.06"]
[Round "9"]
[Result "1-0"]
[White "Julia Kochetkova"]
[Black "Betul Cemre Yildiz"]
[WhiteElo "2313"]
[BlackElo "2244"]
[PlyCount "72"]

1. e4 e5 2. Nf3 Nc6 3. Nc3 Nf6 4. Bb5 Bd6 5. d3 h6 6. h3 a6
7. Bc4 b5 8. Bb3 Na5 9. Be3 Nxb3 10. axb3 Bb7 11. Ne2 O-O
12. Qd2 Re8 13. O-O Bf8 14. c4 c6 15. c5 d5 16. cxd6 Qxd6
17. Ng3 c5 18. Rad1 Rac8 19. Nh4 Qe6 20. Nhf5 Red8 21. Qe2
Qxb3 22. f4 c4 23. fxe5 cxd3 24. Qf3 Nh7 25. Nd4 Qc4 26. b3
Qc7 27. Rxd3 Ng5 28. Bxg5 hxg5 29. Kh1 Bc5 30. e6 Bxd4
31. exf7+ Kf8 32. Rxd4 Rxd4 33. Qh5 Qxg3 34. Qh8+ Ke7
35. f8=Q+ Rxf8 36. Qxf8+ Ke6 1-0

[Event "European Individual Championships (Women)"]
[Site "Rijeka CRO"]
[Date "2010.03.16"]
[EventDate "2010.03.06"]
[Round "10"]
[Result "1/2-1/2"]
[White "Betul Cemre Yildiz"]
[Black "Alena Kushka"]
[WhiteElo "2244"]
[BlackElo "2164"]
[PlyCount "89"]

1. e4 c5 2. Nf3 Nc6 3. Bb5 g6 4. Bxc6 dxc6 5. d3 Bg7 6. h3 Nf6
7. Nc3 O-O 8. Be3 b6 9. Qd2 Re8 10. a3 e5 11. O-O Nd7 12. Bh6
Nf8 13. Bxg7 Kxg7 14. b4 cxb4 15. axb4 Qd6 16. Na4 Bb7 17. Qc3
f6 18. Rfd1 Red8 19. d4 exd4 20. Rxd4 Qe7 21. Re1 Ne6 22. Rxd8
Rxd8 23. e5 f5 24. Nb2 c5 25. bxc5 Qxc5 26. Qb3 Bd5 27. c4
Bxf3 28. Qxf3 Qb4 29. Rb1 Rd2 30. Qc6 Qc5 31. Qb7+ Kh6 32. Nd1
Qxe5 33. Qe7 Qd6 34. Qh4+ Kg7 35. Ne3 Rd4 36. g4 f4 37. Nd5 g5
38. Qh5 Qd7 39. Re1 Qf7 40. Rxe6 Rd1+ 41. Kh2 Qxe6 42. Qxg5+
Kh8 43. Qd8+ Qg8 44. Qf6+ Qg7 45. Qd8+ 1/2-1/2

[Event "European Individual Championships (Women)"]
[Site "Rijeka CRO"]
[Date "2010.03.17"]
[EventDate "2010.03.06"]
[Round "11"]
[Result "1-0"]
[White "Khayala Abdulla"]
[Black "Betul Cemre Yildiz"]
[WhiteElo "2141"]
[BlackElo "2244"]
[PlyCount "103"]

1. e4 e5 2. Nf3 Nc6 3. Bb5 a6 4. Ba4 Nf6 5. d3 d6 6. c3 g6
7. O-O Bg7 8. Re1 O-O 9. Nbd2 Nh5 10. Nf1 Kh8 11. Ne3 b5
12. Bb3 Na5 13. Bc2 c5 14. d4 exd4 15. cxd4 c4 16. a3 Nc6
17. Rb1 Qb6 18. d5 Nd4 19. Nxd4 Bxd4 20. Bd2 Bd7 21. Ba5 Qa7
22. Qd2 Rae8 23. Bc3 Be5 24. g3 Ng7 25. Bb4 Qb6 26. a4 Bf6
27. a5 Qc7 28. f4 Be7 29. Qc3 Qa7 30. Qa3 Kg8 31. Bxd6 Bxd6
32. Qxd6 Nf5 33. exf5 Rxe3 34. Qb6 Rxe1+ 35. Rxe1 Qxb6+
36. axb6 b4 37. fxg6 hxg6 38. Re7 Bg4 39. Kg2 b3 40. Bb1 Rb8
41. b7 c3 42. bxc3 Bf5 43. d6 Kf8 44. Rc7 b2 45. Bxf5 gxf5
46. Rc8+ Kg7 47. Rxb8 b1=Q 48. d7 Qc2+ 49. Kh3 Qd1 50. Rg8+
Kxg8 51. b8=Q+ Kh7 52. Qe8 1-0

[Event "3rd Women's Chess Grand Prix"]
[Site "Nalchik RUS"]
[Date "2010.04.26"]
[EventDate "2010.04.26"]
[Round "1"]
[Result "1-0"]
[White "Betul Cemre Yildiz"]
[Black "Zhao Xue"]
[WhiteElo "2244"]
[BlackElo "2490"]
[PlyCount "127"]

1. e4 Nf6 2. e5 Nd5 3. c4 Nb6 4. d4 d6 5. exd6 exd6 6. Bd3 Nc6
7. Ne2 g6 8. O-O Bg7 9. Be3 O-O 10. Nbc3 Bg4 11. f3 Bf5 12. b3
Re8 13. Bf2 Bxd3 14. Qxd3 a5 15. Rad1 d5 16. c5 Nc8 17. Qb5
Rb8 18. Nf4 N8e7 19. Rfe1 Qd7 20. Qa4 Bh6 21. Nd3 Nf5 22. Ne5
Nxe5 23. Rxe5 Qxa4 24. Nxa4 Rxe5 25. dxe5 c6 26. g3 Ng7
27. Kg2 Ne6 28. f4 Bf8 29. Kf3 f6 30. exf6 Kf7 31. Rc1 Kxf6
32. Be1 Ra8 33. Bc3+ Kf7 34. Be5 Be7 35. g4 Rf8 36. Ke3 Ke8
37. Rc2 Rf7 38. a3 Bf6 39. Bxf6 Rxf6 40. Rf2 Nc7 41. Nc3 Re6+
42. Kd3 Kf7 43. b4 Re1 44. Rb2 Ne6 45. f5 gxf5 46. gxf5 Nf4+
47. Kd2 Re7 48. bxa5 Kf6 49. Rb6 d4 50. Na4 Nd5 51. a6 Nxb6
52. cxb6 Kxf5 53. a7 Re8 54. Nc5 Ke5 55. Nd7+ Ke4 56. Nb8 Rg8
57. a8=Q Rg2+ 58. Kc1 Rg1+ 59. Kb2 d3 60. Qa4+ Ke3 61. Qa5 Rf1
62. Qe5+ Kd2 63. Nxc6 Kd1 64. Qe3 1-0

[Event "3rd Women's Chess Grand Prix"]
[Site "Nalchik RUS"]
[Date "2010.04.27"]
[EventDate "2010.04.26"]
[Round "2"]
[Result "1/2-1/2"]
[White "Elina Danielian"]
[Black "Betul Cemre Yildiz"]
[WhiteElo "2491"]
[BlackElo "2244"]
[PlyCount "87"]

1. Nf3 d5 2. g3 c5 3. Bg2 Nc6 4. d4 e6 5. O-O Nf6 6. c4 dxc4
7. Qa4 Bd7 8. Qxc4 b5 9. Qd3 Qb6 10. Nc3 c4 11. Qb1 b4 12. Ne4
Be7 13. Bg5 Nxe4 14. Qxe4 Rc8 15. Be3 Qa6 16. Rfd1 O-O 17. Ng5
Bxg5 18. Bxg5 Rfe8 19. Qg4 Ne7 20. a3 b3 21. Bd2 Bc6 22. f3
Red8 23. Rac1 f5 24. Qg5 Ng6 25. Bc3 Qb7 26. h4 Rd5 27. h5 Nf8
28. h6 Ng6 29. Qe3 Qf7 30. f4 Rd7 31. Bb4 Bxg2 32. Kxg2 Ne7
33. Bc5 Nd5 34. Qf3 Nb6 35. Bxb6 axb6 36. Qxb3 Qh5 37. Qf3
Qxh6 38. b3 Qf6 39. Rxc4 Rxc4 40. bxc4 Rxd4 41. Rxd4 Qxd4
42. Qc6 Kf7 43. a4 Kf6 44. Qc8 1/2-1/2

[Event "3rd Women's Chess Grand Prix"]
[Site "Nalchik RUS"]
[Date "2010.04.28"]
[EventDate "2010.04.26"]
[Round "3"]
[Result "1/2-1/2"]
[White "Betul Cemre Yildiz"]
[Black "Batkhuyag Munguntuul"]
[WhiteElo "2244"]
[BlackElo "2428"]
[PlyCount "73"]

1. e4 c5 2. Nf3 Nc6 3. Bb5 e6 4. O-O Nge7 5. Re1 a6 6. Bxc6
Nxc6 7. d4 cxd4 8. Nxd4 Be7 9. Nxc6 dxc6 10. Qxd8+ Bxd8
11. Bf4 f6 12. e5 O-O 13. Nd2 Bb6 14. Ne4 fxe5 15. Bxe5 Bd7
16. Rad1 Be8 17. Bd4 Bxd4 18. Rxd4 Bg6 19. Nc5 Bxc2 20. Nxb7
Rab8 21. Rd7 Rf7 22. Rxf7 Kxf7 23. Nd6+ Kf6 24. b3 Rd8 25. Nc4
Be4 26. f3 Bd5 27. Na5 c5 28. Rc1 Ba8 29. Nc4 g5 30. Kf2 Ke7
31. Ke3 Bd5 32. Ne5 Rc8 33. Rc2 Rc7 34. Nc4 Rc8 35. Ne5 Rc7
36. Nc4 Rc8 37. Ne5 1/2-1/2

[Event "3rd Women's Chess Grand Prix"]
[Site "Nalchik RUS"]
[Date "2010.04.29"]
[EventDate "2010.04.26"]
[Round "4"]
[Result "1-0"]
[White "Nana Dzagnidze"]
[Black "Betul Cemre Yildiz"]
[WhiteElo "2479"]
[BlackElo "2244"]
[PlyCount "89"]

1. c4 e5 2. Nc3 Nf6 3. Nf3 Nc6 4. g3 d5 5. cxd5 Nxd5 6. Bg2
Nb6 7. O-O Be7 8. a3 a5 9. d3 O-O 10. Be3 Be6 11. Rc1 f5
12. Na4 Bd5 13. Bc5 Nd7 14. Bxe7 Qxe7 15. Nc3 Be6 16. Nd2 Rab8
17. Nb5 Nf6 18. Qc2 Bd5 19. Bxd5+ Nxd5 20. Qb3 Qf7 21. Rc5
Rbd8 22. Nf3 h6 23. Nh4 f4 24. Nf3 fxg3 25. hxg3 Kh8 26. Nc3
Nxc3 27. Qxc3 Nd4 28. Rxe5 Nxf3+ 29. exf3 Qxf3 30. Re7 Qg4
31. Qxa5 Rxd3 32. Qe5 Rd1 33. Rxc7 Rxf1+ 34. Kxf1 Qd1+ 35. Qe1
Qf3 36. Kg1 h5 37. Rc4 b5 38. Re4 Qf7 39. Rf4 Re8 40. Qd1 Qg6
41. Qd5 Re1+ 42. Kh2 Qe8 43. Rf5 g6 44. Rf7 Rd1 45. Qb7 1-0